Southville International School and Colleges
Your cart is empty.
  • Cart
  • Lists
    Public lists Eva Luna New books Lux_list list_1
    Your lists Log in to create your own lists
  • Log in to your account
  • Your cookies
  • Search history
Southville International School and Colleges
  • Advanced search
  • Recent comments
  • Most popular
  • Libraries

Log in to your account

Log in with GOOGLE


If you do not have an external account, but do have a local account, you can still log in:

  1. Home
  2. MARC view: Colonial counterpoint :
Normal view MARC view ISBD view

Colonial counterpoint : (Record no. 15666)

[ view plain ]
MARC details
000 -LEADER
fixed length control field 01208cam a2200349 a 4500
001 - CONTROL NUMBER
control field 15829621
003 - CONTROL NUMBER IDENTIFIER
control field OSt
005 - DATE AND TIME OF LATEST TRANSACTION
control field 20140310182746.0
008 - FIXED-LENGTH DATA ELEMENTS--GENERAL INFORMATION
fixed length control field 090722s2010 enkag b 001 0 eng
010 ## - LIBRARY OF CONGRESS CONTROL NUMBER
LC control number 2009030288
015 ## - NATIONAL BIBLIOGRAPHY NUMBER
National bibliography number GBB045349
Source bnb
016 7# - NATIONAL BIBLIOGRAPHIC AGENCY CONTROL NUMBER
Record control number 015521522
Source Uk
020 ## - INTERNATIONAL STANDARD BOOK NUMBER
International Standard Book Number 9780195378269 (hardback : acidfree paper)
020 ## - INTERNATIONAL STANDARD BOOK NUMBER
International Standard Book Number 0195378261 (hardback : acidfree paper)
035 ## - SYSTEM CONTROL NUMBER
System control number (OCoLC)ocn427704565
040 ## - CATALOGING SOURCE
Original cataloging agency DLC
Transcribing agency DLC
Modifying agency YDXCP
-- UKM
-- C#P
-- BWX
-- CDX
-- DLC
043 ## - GEOGRAPHIC AREA CODE
Geographic area code a-ph---
050 00 - LIBRARY OF CONGRESS CALL NUMBER
Classification number ML 345.P528
Item number .Ir78 2010
082 00 - DEWEY DECIMAL CLASSIFICATION NUMBER
Classification number 780.9599/16
-- 22
100 1# - MAIN ENTRY--PERSONAL NAME
Personal name Irving, D. R. M.,
Dates associated with a name 1981-
245 10 - TITLE STATEMENT
Title Colonial counterpoint :
Remainder of title music in early modern Manila /
Statement of responsibility, etc D.R.M. Irving.
260 ## - PUBLICATION, DISTRIBUTION, ETC. (IMPRINT)
Place of publication, distribution, etc Oxford ;
-- New York :
Name of publisher, distributor, etc Oxford University Press,
Date of publication, distribution, etc 2010.
300 ## - PHYSICAL DESCRIPTION
Extent x, 394 p. :
Other physical details ill., music ;
Dimensions 25 cm.
490 1# - SERIES STATEMENT
Series statement Currents in Latin American & Iberian music
650 #0 - SUBJECT ADDED ENTRY--TOPICAL TERM
Topical term or geographic name as entry element Music
Geographic subdivision Philippines
General subdivision History and criticism.
650 #0 - SUBJECT ADDED ENTRY--TOPICAL TERM
Topical term or geographic name as entry element Music
Geographic subdivision Philippines
General subdivision Spanish influences.
830 #0 - SERIES ADDED ENTRY--UNIFORM TITLE
Uniform title Currents in Latin American & Iberian music.
906 ## - LOCAL DATA ELEMENT F, LDF (RLIN)
a 7
b cbc
c orignew
d 1
e ecip
f 20
g y-gencatlg
942 ## - ADDED ENTRY ELEMENTS (KOHA)
Source of classification or shelving scheme Library of Congress Classification
Koha item type Books
Call number prefix Local
Holdings
Withdrawn status Lost status Source of classification or shelving scheme Damaged status Home library Current library Shelving location Date acquired Total Checkouts Full call number Barcode Date last seen Copy number Price effective from Koha item type
    Library of Congress Classification   College Library College Library Filipiniana Section 07/16/2012   ML 345.P528 .Ir78 2010 C14676 05/08/2018 1 03/10/2014 Books

Colonial counterpoint :

APA

Irving D. R. M., . (2010). Colonial counterpoint. Oxford: Oxford University Press.

Chicago

Irving D R M, . 2010. Colonial counterpoint. Oxford: Oxford University Press.

Harvard

Irving D. R. M., . (2010). Colonial counterpoint. Oxford: Oxford University Press.

MLA

Irving D R M, . Colonial counterpoint. Oxford: Oxford University Press. 2010.

  • Place hold
  • Print
  • Cite
  • Add to your cart (remove)
  • Save record
    BIBTEX Dublin Core MARCXML MARC (non-Unicode/MARC-8) MARC (Unicode/UTF-8) MARC (Unicode/UTF-8, Standard) MODS (XML) RIS
  • More searches
    Search for this title in:
    Other Libraries (WorldCat) Other Databases (Google Scholar) Online Stores (Bookfinder.com) Open Library (openlibrary.org)

Exporting to Dublin Core...

SOUTHVILLE LIBRARY

Southville International School and Colleges Library

1281 Tropical Ave. Cor. Luxembourg St., BF Homes International, Las Pinas City

Tel. No. 8256374 / 252358 Loc. 117/146

Powered by Koha